| 000 | 02460cam a2200277 a 4500 | ||
|---|---|---|---|
| 001 | 15946472 | ||
| 005 | 20221124102514.0 | ||
| 008 | 091015s2009 ii a b 001 0 eng | ||
| 010 | _a 2009291922 | ||
| 020 | _a9780195693751 (pbk.) | ||
| 020 | _a0195693752 | ||
| 040 |
_aDLC _cDLC _dDLC |
||
| 050 | 0 | 0 |
_aQA297 _b.P293 2009 |
| 082 | _a519.4,PAL | ||
| 100 | 1 |
_aPal, Srimanta. _9103470 |
|
| 245 | 1 | 0 |
_aNumerical methods : _bprinciples, analyses, and algorithms / _cSrimanta Pal. |
| 260 |
_aNew Delhi ; _aNew York : _bOxford University Press, _c2009. |
||
| 300 |
_axii, 812 p. : _bill. ; _c24 cm. |
||
| 505 | _aBackground to Numerical Methods (Page-1), Scope of Numerical and Mathematical Methods (Page-32), Errors and Their Propagation (Page-42), Programming Tools and Techniques (Page-69), Solutions of Algebraic and Transcendental Equations (Page-143), Numerical Methods of Linear Equations Direct Methods (Page-213), Numerical Solutions for Matrix Inversion (Page-249), Numerical Solutions of Linear Systems of Equations Iterative Methods (Page-270), Linear Least Squares Problem (Page-289), Numerical Solutions of System of Non Linear Equations (Page-311), Eigenvalues and Eigenvectors (Page-333), Interpolation and Extrapolation (Page-370), Numerical Differentiation (Page-419), Numerical Integration (Page-437), Numerical Solutions of Ordinary Differential Equations Initial Value Problem (Page-502), Numerical Solutions of Ordinary Differential Equations Boundary Value Problems (Page-568), Numerical Solutions of Partial Differential Equations (Page-600), Numerical Solutions of Parabolic Partial Differential Equations (Page-616), Numerical Solutions of Hyperbolic Partial Differential Equations (Page-650), Numerical Solutions of Elliptical Partial Differential Equations (Page-679), Advances in Numerical Methods Using Parallel Computing Paradigm (Page-713), Numerical Methods Using Neural Networks (Page-737), Numerical Solutions of Differential Equations (Page-787). | ||
| 650 | 0 |
_aNumerical analysis. _9103 |
|
| 856 | 4 | 2 |
_3Contributor biographical information _uhttp://www.loc.gov/catdir/enhancements/fy1001/2009291922-b.html |
| 856 | 4 | 2 |
_3Publisher description _uhttp://www.loc.gov/catdir/enhancements/fy1001/2009291922-d.html |
| 906 |
_a7 _bcbc _corigres _d2 _encip _f20 _gy-gencatlg |
||
| 942 |
_2ddc _cBK _k519.4,PAL |
||
| 999 |
_c592468 _d592468 |
||